| 000 | 00480nam a2200181Ia 4500 | ||
|---|---|---|---|
| 003 | GCL | ||
| 008 | 140319s9999 xx 000 0 eng d | ||
| 040 |
_aGCL / _cGCL |
||
| 082 | 0 | 4 |
_a006.3 _bP S |
| 100 | 1 | _aPENROSE, ROGER | |
| 245 | 1 | 0 |
_aSHADOWS OF THE MIND / _cPENROSE, ROGER |
| 260 |
_a[S.N] : _bOXFORD NEW YORK MELBOURNE ، _c1995 |
||
| 300 | _a757 P | ||
| 650 | 0 | 4 | _aCONSCIOUSNESS |
| 650 | 0 | 4 | _aPHYSICS - PHILOSOPHY |
| 650 | 0 | 4 | _aARTIFICIAL INTELLIGENCE |
| 942 |
_2ddc _cBK |
||
| 999 |
_c11152 _d11152 |
||